| Registos Bibliográficos associados ao registo de autoridade |
|
Etiqueta de registo: 00254nam 2200025 450 001 2284408 003 http://id.bnportugal.gov.pt/bib/catbnp/2284408 100 ## $a20260414d2025 k y0pory01030103ba 101 0# $aeng$dpor 102 ## $aPT 105 ## $aa m 000yy 106 ## $ar 200 1# $a The fire protection ecosystem service in fire-prone landscapes$evaluation and prediction under global change$fÂngelo Filipe dos Reis Pereira e Cortinhas Sil$gsupervisor João P. Honrado, João C. Azevedo, Paulo M. Fernandes 210 #9 $aPorto$c[s.n.],$d2025 215 ## $aXX, 317 p.$cil.$d30 cm 300 ## $aAcesso não autorizado pelo período de 6 meses 328 #1 $aTese dout. Biodiversity, Genetics and Evolution, Faculdade de Ciências, Universidade
do Porto e Universidade de Lisboa, 2025 675 ## $a574(4-13)(043)$vBN$zpor$31996949 675 ## $a630*432(4-13)(043)$vBN$zpor$31996950 700 #1 $aSil,$bÂngelo Filipe dos Reis Pereira e Cortinhas$31995718 702 #1 $aHonrado,$bJoão José Pradinho$4727$31194043 702 #1 $aAzevedo,$bJoão C. $4727$3813999 702 #1 $aFernandes,$bPaulo M.$4727$31996249 801 #0 $aPT$bBN$gRPC 966 ## $lBN$mFGMON$sS.A. 193717 V.$x1 971 ## $cssilva$d20260414 973 ## $cmlsousa$d20260427
|
|
|